An introduction to statistical learning with applications in R/ (Record no. 609914)
[ view plain ]
| 000 -LEADER | |
|---|---|
| fixed length control field | 00678nam a22001817a 4500 |
| 020 ## - INTERNATIONAL STANDARD BOOK NUMBER | |
| International Standard Book Number | 9781071614204 |
| 082 ## - DEWEY DECIMAL CLASSIFICATION NUMBER | |
| Classification number | 519.5 |
| Author Mark | JAM |
| 100 ## - MAIN ENTRY--PERSONAL NAME | |
| Personal name | James, Gareth, Daniela Witten, Trevor Hastie, and Robert Tibshirani |
| 245 ## - TITLE STATEMENT | |
| Title | An introduction to statistical learning with applications in R/ |
| Statement of responsibility, etc. | Gareth James, Daniela Witten, Trevor Hastie, and Robert Tibshirani |
| 250 ## - EDITION STATEMENT | |
| Edition statement | 2nd edition. |
| 260 ## - PUBLICATION, DISTRIBUTION, ETC. | |
| Place of publication, distribution, etc. | New York: |
| Name of publisher, distributor, etc. | Springer Nature; |
| Date of publication, distribution, etc. | 2021. |
| 300 ## - PHYSICAL DESCRIPTION | |
| Extent | 607p. |
| 563 ## - BINDING INFORMATION | |
| Binding note | PB. |
| 650 ## - SUBJECT ADDED ENTRY--TOPICAL TERM | |
| Topical term or geographic name entry element | Statistical learning |
| -- | Deep learning |
| 650 ## - SUBJECT ADDED ENTRY--TOPICAL TERM | |
| Topical term or geographic name entry element | E-BOOKBANK.SEECSTEXTBOOK |
| 856 ## - Uniform Resource Identifier | |
| Uniform Resource Identifier | <a href="http://10.250.8.41:8080/xmlui/handle/123456789/41650">http://10.250.8.41:8080/xmlui/handle/123456789/41650</a> |
| 942 ## - ADDED ENTRY ELEMENTS (KOHA) | |
| Source of classification or shelving scheme | |
| Koha item type | Book |
| 650 ## - SUBJECT ADDED ENTRY--TOPICAL TERM | |
| -- | 123879 |
| 650 ## - SUBJECT ADDED ENTRY--TOPICAL TERM | |
| -- | 125472 |
| Withdrawn status | Lost status | Source of classification or shelving scheme | Damaged status | Not for loan | Permanent Location | Current Location | Date acquired | Source of acquisition | Total Checkouts | Total Renewals | Full call number | Barcode | Checked out | Date last seen | Date last checked out | Price effective from | Koha item type |
|---|---|---|---|---|---|---|---|---|---|---|---|---|---|---|---|---|---|
| Central Library (CL) | Central Library (CL) | 06/27/2024 | Golden Books Lahore | 2 | 2 | 519.5 JAM | CL-1549 | 03/09/2026 | 07/13/2025 | 07/13/2025 | 06/27/2024 | Book | |||||
| Central Library (CL) | Central Library (CL) | 08/13/2024 | 280 SCB | SCB-1549 | 08/13/2024 | 08/13/2024 | Book |
